000 00925nam a2200277 a 4500
001 59675
003 BD-RjUL
005 20211209080746.0
008 161226s1986 maua b 001 0 eng
020 _a0262240254
035 _a(BD-RjUL)59799
040 _aDLC
_cDLC
_dBD-RjUL
_beng
041 _aeng
082 0 0 _a338.80420952
_223
_bYOI 1986
100 1 _aYoshino, M. Y.
_q(Michael Y.)
_9176922
245 1 4 _aThe invisible link :
_bJapan's sogo shosha and the organization of trade /
_cM.Y. Yoshino and Thomas B. Lifson.
260 _aCambridge, Mass. :
_bMIT Press,
_cc1986.
300 _ax, 291 p. :
_bill. ;
_c24 cm.
504 _aIncludes index and Bibliography: p. [279]-285.
650 0 _aCombination
_9177592
650 0 _aConglomerate corporations
_zJapan.
_9177592
650 0 _aTrading companies
_zJapan.
_9177593
700 1 _aLifson, Thomas B.
_9177594
942 _2ddc
_cBK
999 _c59675
_d59675